Text Book of E.N.T. Diseases / (Record no. 589066)
[ view plain ]
| 000 -LEADER | |
|---|---|
| fixed length control field | 00363nam a22001337a 4500 |
| 020 ## - INTERNATIONAL STANDARD BOOK NUMBER | |
| International Standard Book Number | 9693701712 |
| 082 ## - DEWEY DECIMAL CLASSIFICATION NUMBER | |
| Classification number | 617.51 |
| Author Mark | BHU |
| 100 ## - MAIN ENTRY--PERSONAL NAME | |
| Personal name | Bhutta, Saleem Iqbal |
| 245 ## - TITLE STATEMENT | |
| Title | Text Book of E.N.T. Diseases / |
| Statement of responsibility, etc. | Saleem Iqbal Bhutta |
| 260 ## - PUBLICATION, DISTRIBUTION, ETC. | |
| Place of publication, distribution, etc. | Islamabad : |
| Name of publisher, distributor, etc. | National Book Foundation, |
| Date of publication, distribution, etc. | 1991. |
| 300 ## - PHYSICAL DESCRIPTION | |
| Extent | 683p. ; |
| Other physical details | 23 cm. |
| 563 ## - BINDING INFORMATION | |
| Binding note | HBK. |
| 942 ## - ADDED ENTRY ELEMENTS (KOHA) | |
| Source of classification or shelving scheme | |
| Koha item type | Book |
| Withdrawn status | Lost status | Source of classification or shelving scheme | Damaged status | Not for loan | Permanent Location | Current Location | Date acquired | Source of acquisition | Total Checkouts | Full call number | Barcode | Date last seen | Price effective from | Koha item type |
|---|---|---|---|---|---|---|---|---|---|---|---|---|---|---|
| Central Library (CL) | Central Library (CL) | 04/11/2022 | Donation | 617.51 BHU | CL-D-1631 | 04/11/2022 | 04/11/2022 | Book |
